[Event "FRA-ch 56th playoff"]
[Site "Vitrolles"]
[Date "1981.09.??"]
[Round "1"]
[White "Goldenberg, Richard"]
[Black "Seret, Jean Luc"]
[Result "0-1"]
[WhiteElo "2335"]
[BlackElo "2365"]
[Annotator "Primel,D"]
[PlyCount "88"]
[EventDate "1981.09.30"]
[EventType "match"]
[EventRounds "2"]
[EventCountry "FRA"]
[SourceTitle "EXT 2004"]
[Source "ChessBase"]
[SourceDate "2003.11.25"]
[SourceVersion "1"]
[SourceVersionDate "2003.11.25"]
[SourceQuality "1"]

1. d4 {Le match de départage s'est joué un mois après la fin du championnat de
France de Vitrolles. La formule des matchs de tie-break a été abandonnée au
cours des années 80.  JL.SERET bénéficiait de son expérience de l'année
précédente ou il avait gagné le match de départage.} d5 2. c4 c6 3. cxd5 cxd5
4. Nc3 Nf6 5. Nf3 Nc6 6. Bf4 e6 (6... Bf5 {La suite principale qui est très
annulante.} 7. e3 e6 8. Bb5 Nd7 (8... Bb4 $6 9. Ne5 {[%cal Ge5c6]} Qa5 (9...
Qb6) 10. Bxc6+ bxc6 11. O-O $1 Bxc3 12. bxc3 Qxc3 13. Qc1 $1 $16 {[%csl Rc6,
Rf5];Botvinnik,M-Tal,M World Championship 24th (11) 1-0 Avec une finale très
difficile pour les noirs}) 9. Qa4 $1 Rc8 (9... Qb6 $143 10. Nh4 $1 Be4 11.
O-O-O $1 Rc8 12. f3 Bg6 13. Nxg6 hxg6 14. Kb1 $14 {[%cal Ca7a6,Ca6b5,Gd1c1]})
10. O-O (10. Bxc6 $143 Rxc6 11. Qxa7 Qc8 12. Qa5 $8 Ra6 (12... b6) 13. Qc7 Qa8
$13) 10... a6 11. Bxc6 Rxc6 12. Rfc1 $1 Be7 13. Ne2 $1 {[%cal Gc1c6]} Qb6 $1
$11 {[%cal Gb6b2,Gb6c6,Gb6a6] La défense qui a fait perdre sa popularité а la
variante d'échange.}) 7. e3 Be7 8. h3 O-O 9. Bd3 Bd7 10. O-O Qb6 ({RR} 10... a6
) 11. a3 $1 ({RR} 11. Qe2 Rfc8 12. Rac1 Be8) 11... a6 ({RR} 11... Na5 {[%csl
Rb3,Rc4]} 12. b4 Nc4 13. Ne5 Rac8 (13... Nxe5 $142 14. dxe5 Ne8 15. Na4 Qd8 16.
Qb3 h6 17. Rac1 Rc8 18. Rfd1 b6 {[%csl Ra6,Rc6]} 19. Nc3 Nc7 20. Bb1 Bg5 $1 $14
) 14. Bxc4 dxc4 15. Bg5 ({RR} 15. Ne4 Rfd8 16. Nc5) 15... Qd8 16. Qf3 Bc6 17.
Nxc6 Rxc6 18. Rad1 Nd5 19. Bxe7 Nxe7 ({RR} 19... Qxe7 20. Nxd5 exd5 21. Qxd5 c3
) 20. e4 a6 ({RR} 20... f5 21. b5 ({RR} 21. d5 fxe4 22. dxc6 exf3 23. Rxd8 Rxd8
24. cxb7 Rb8) 21... Rd6 22. exf5 Nxf5 23. Qxb7 Nxd4 24. Kh1) 21. d5 $1 $36 {
[%csl Gd5][%cal Od5c6,Gd1d8]} exd5 22. exd5 Rd6 23. Rd2 ({RR} 23. Rd4) 23...
Qc7 24. Qg3 ({RR} 24. Rfd1 Rfd8 25. Ne4 Rxd5 26. Ng5 Rxd2 27. Qxf7+ Kh8 28.
Rxd2 Rxd2 29. Qf8+ Ng8 30. Nf7+ Qxf7 31. Qxf7 c3 32. Qc7 c2 33. Kh2 Rxf2) 24...
Qd7 ({RR} 24... Nc8 25. Ne4 Rd7 26. Nf6+) 25. Kh1 ({RR} 25. Ne4 Rg6 26. Qf3 Nf5
27. Nc5 Nh4) 25... Nc8 26. Ne4 {Portisch,L (2645)-Petrosian,T (2640)/Palma de
Mallorca 1974/Candidates/[Bulletin]/1-0 (66)}) (11... Qxb2 $4 12. Na4 {[%csl
Rb2]}) 12. b4 $146 {[%csl Rc4]} ({RR} 12. Na4 {[%csl Gc5][%cal Ga4b6,Ga4c5]}
Qa7 13. b4 b6 14. Qb3 Rfc8 15. Rfc1 Ne8 16. Rc2 Nd6 17. Bxd6 Bxd6 18. Rac1 Rc7
19. g3 Rac8 20. Nd2 Be8 21. f4 g6 22. Nf3 Kg7 23. Kg2 Qb7 24. g4 Nb8 25. Rxc7
Rxc7 26. Rxc7 Qxc7 {Glotov,M (2105)-Akimov,I (2244)/St Petersburg 2002/EXT
2003/1/2-1/2 (65)}) 12... Rac8 13. Na4 {[%cal Ga4c5,Ga4b6]} Qa7 14. Nc5 Nb8 $1
{[%cal Gb7b6,Gb8a6]} 15. Qe2 a5 16. Ne5 Be8 17. Ng4 b6 $6 (17... Nxg4 18. hxg4
{[%csl Gf5,Gh5]}) 18. Nxf6+ Bxf6 19. Na6 $6 {Echange un bon N actif contre un
N passif} Nxa6 20. Bxa6 Ra8 21. b5 $6 {[%csl Ra6] Le B est hors-jeu et il n'a
pas rejoué pendant toute la partie} Qe7 22. Qb2 Bd7 23. Rfc1 Ra7 24. Rc2 g5 25.
Bg3 Rfa8 $5 {L'idée motivant ce coup est peu évidente} 26. Rac1 Qf8 27. Bc7 {
[%csl Rb6]} Bd8 $8 28. Bxd8 Qxd8 29. Rc3 Kg7 30. Qe2 Be8 31. Qf3 Qd6 32. h4 h6
$1 33. hxg5 hxg5 34. Qg4 Qe7 35. f4 f5 $1 36. Qxg5+ Qxg5 37. fxg5 Kg6 $17 38.
Rc7 Kxg5 39. Rxa7 Rxa7 40. Rc8 Bd7 41. Rb8 f4 42. Kf2 Rc7 43. Rxb6 Rc2+ $1 44.
Kf3 $4 (44. Kf1) 44... e5 $1 {[%cal Oe5e4,Gd7g4] Un réseau de mat en pleine
finale!} 0-1

[Event "Clichy"]
[Site "Clichy"]
[Date "1998.12.20"]
[Round "9"]
[White "Prusikin, Michael"]
[Black "El Gindy, Essam"]
[Result "1-0"]
[WhiteElo "2475"]
[BlackElo "2455"]
[Annotator "Prusikin,M"]
[PlyCount "73"]
[EventDate "1998.05.16"]
[EventType "tourn"]
[EventRounds "9"]
[EventCountry "FRA"]
[EventCategory "7"]
[SourceTitle "EXT 2016"]
[Source "ChessBase"]
[SourceDate "2015.10.08"]
[SourceVersion "1"]
[SourceVersionDate "2015.10.08"]
[SourceQuality "1"]

1. d4 Nf6 2. Nf3 d5 3. c4 c6 4. Nc3 a6 5. cxd5 cxd5 6. Bf4 Nc6 7. Rc1 Qb6 $6 {
Wohl nicht ohne Grund ein seltener Zug.} (7... Bf5) (7... Ne4) (7... Nh5 $5) 8.
Na4 Qa5+ 9. Bd2 Qd8 10. Qb3 $1 $146 {Ein starker neuer Zug, den ich am Brett
fand.} e6 11. Qb6 $6 {Zu gradlinig} (11. Nb6 Rb8 12. e3 Ne4 13. Nxc8 Nxd2 14.
Nxd2 Bb4 15. a3 Bxd2+ 16. Kxd2 Qxc8 17. Bxa6 $16 {1-0 (51) Akobian,V (2526)
-Wojtkiewicz,A (2551) Philadelphia 2004}) 11... Nd7 $6 (11... Bd7 $1 $11) 12.
Qxd8+ Nxd8 13. e3 (13. Ne5 $5) 13... Bd6 14. Bd3 $6 {Dieser natürliche Zug
erwies sich im Nachhinein als ungenau: das Feld d3 hätte ich für den
Springer frei halten sollen!} (14. Be2 $1 b6 15. O-O Bb7 16. Rc2 f6 17. Rfc1
O-O 18. Ne1 $1 Nf7 19. Nd3 Rfc8 20. Nac5 $3 $16) 14... b6 15. Ke2 Bb7 16. Rc2
Rc8 (16... f6 $1 $11) 17. Rxc8 Bxc8 18. b4 $1 (18. Rc1 $5 Bb7 19. Ne5 $1 $14)
18... Bb7 $2 (18... f6 $8 19. b5 a5 20. e4 dxe4 (20... Bb7 $6 21. e5 $1 Bb8 22.
exf6 gxf6 23. Re1 Kf7 24. g3 Bd6 25. Kf1 $16) 21. Bxe4 Bb7 22. Bxb7 Nxb7 23.
Rc1 Ke7 24. Be3 $1 $16 {xb6}) 19. b5 a5 20. Ne5 $1 $18 Nxe5 21. dxe5 Bxe5 22.
Nxb6 f5 23. Bxa5 Nf7 24. Rc1 Bd6 25. Nc8 Be5 26. f4 Bb8 27. Bc7 Bxc7 28. Rxc7
Bxc8 29. Rxc8+ Kd7 30. Rxh8 Nxh8 31. a4 Nf7 32. a5 Kd6 33. a6 Kc7 34. a7 Kb7
35. b6 Nd6 36. Ba6+ Ka8 37. Kd3 1-0

[Event "Rohde op 06th"]
[Site "Sautron"]
[Date "2006.10.30"]
[Round "4"]
[White "Dobrev, Nanko"]
[Black "Colovic, Aleksandar"]
[Result "1/2-1/2"]
[WhiteElo "2429"]
[BlackElo "2459"]
[Annotator "RR"]
[PlyCount "25"]
[EventDate "2006.10.28"]
[EventType "swiss"]
[EventRounds "9"]
[EventCountry "FRA"]
[SourceTitle "EXT 2007"]
[Source "ChessBase"]
[SourceDate "2006.11.23"]
[SourceVersion "1"]
[SourceVersionDate "2006.11.23"]
[SourceQuality "1"]

1. d4 d5 2. c4 c6 3. Nf3 Nf6 4. Nc3 a6 5. cxd5 cxd5 6. Bf4 Nc6 7. e3 Bg4 8. Be2
e6 9. O-O Bd6 10. Ne5 Bxe2 11. Qxe2 ({RR} 11. Nxc6 Bxd1 12. Nxd8 Bxf4 13. Nxb7
Bxe3 14. fxe3 Bh5 15. b4 {1/2-1/2 Wang Rui (2457)-Volkov,S (2634)/Dubai 2005/
CBM 105 ext}) 11... Rc8 12. Rac1 O-O 13. Nd3 $146 {une nulle rapide dans cette
journée а deux rondes} ({RR} 13. Rfd1 Bxe5 14. Bxe5 Qe7 15. Bxf6 Qxf6 16. Na4
Rc7 17. Rc3 e5 18. dxe5 Qxe5 19. Qd2 Rd8 20. Rc5 Ne7 21. Qa5 Rdc8 22. Rdc1 Rc6
23. Rxc6 Nxc6 24. Qc3 Qf5 25. Nb6 Rd8 26. Qc5 Qd3 27. Qc2 Qb5 {Veselsky,J 
(2220)-Dovzik,J (2400)/Hlohovec 1996/EXT 2000/0-1 (60)}) 1/2-1/2

[Event "Tbilisi FIDE GP"]
[Site "Tbilisi"]
[Date "2015.02.17"]
[Round "3"]
[White "Andreikin, Dmitry"]
[Black "Mamedyarov, Shakhriyar"]
[Result "0-1"]
[WhiteElo "2737"]
[BlackElo "2759"]
[Annotator "Ramirez Alvarez,A"]
[PlyCount "113"]
[EventDate "2015.02.15"]
[EventType "tourn"]
[EventRounds "11"]
[EventCountry "GEO"]
[EventCategory "20"]
[SourceTitle "CBM 165"]
[Source "ChessBase"]
[SourceDate "2015.03.11"]
[SourceVersion "1"]
[SourceVersionDate "2015.03.11"]
[SourceQuality "1"]

1. d4 d5 2. Nf3 Nf6 3. c4 c6 4. cxd5 cxd5 5. Nc3 Nc6 {This version of the
Exchange Slav has never been deemed as dangerous; and for a good reason. The
development of the knight to f3 doesn't allow White some options that he has
when he first develops other pieces.} 6. Bf4 a6 7. Ne5 (7. e3 Bg4 $11) (7. Rc1
{is a little more tenatious, but here too Black has been doing just fine.})
7... e6 (7... Bd7 {was Mamedyarov's choice twice against Morozevich in the
Mindgames in China a couple of years ago - first in the rapid and then in the
blitz, though the Azeri lost both games.}) 8. Nxc6 bxc6 9. e3 Bd6 10. Qd2 c5
11. dxc5 Bxc5 12. Rc1 O-O {since d5 cannot be taken it is quite obvious that
Black has no problems from the opening. His development is nearly complete,
his central control is good and his pieces will be active.} 13. Be2 (13. Nxd5
Ne4 $1 $19) 13... Bd7 14. O-O Qb6 15. Be5 Rfc8 16. Bxf6 $6 {The structural
weakness that Black suffers is not worth as much as the pair of bishops.
Mamedyarov stands with a slight advantage thanks to his superior activity.}
gxf6 17. e4 d4 18. e5 {This was Andrekin's idea. Clever, but insufficient.} Be7
(18... fxe5 $2 19. Qg5+ $16) (18... dxc3 19. Rxc3 $1 Bc6 20. Rg3+ Kf8 21. exf6
{with a serious attack, though only deep analysis will reveal if it is enough
for an advantage, there is no reason for Mamedyarov to go into this.}) 19. Bd3
f5 20. Ne2 (20. Ne4 $5 {This move was probably more in tune with continuing
the attack, but it does seem that Black has a good way out of it:} fxe4 21.
Bxe4 f5 22. exf6 Bxf6 23. Qh6 Bg7 24. Qxh7+ Kf8 {and since White has no space
to rooklift his best would be to take on a8, leaving him with two rooks and
two pawns for two bishops; a favorable material ratio for the two bishops in
this position.}) 20... Kh8 21. Bc4 Bc6 22. Qxd4 Qb7 23. g3 Bg5 24. Nf4 Be4 25.
Qe3 (25. Qd2 Rd8 26. Ng6+ hxg6 27. Qxg5 Bh1 28. f3 Bxf3 $15) 25... Qxb2 26.
Ng6+ hxg6 27. Qxg5 Qxe5 28. Bxa6 Rxc1 29. Qh6+ Kg8 30. Rxc1 Bd5 {White is just
worse. He has problems down the diagonal and his a-pawn is a weakness rather
than a strength.} 31. Bc4 Bb7 32. Qe3 Qxe3 33. fxe3 Rc8 34. Rb1 Rxc4 35. Rxb7
Rc1+ 36. Kg2 Rc2+ 37. Kf3 Rxh2 {A nice transformation of advantages. The
a-pawn is White's only chance to survive, but winning the h-pawn guarantees
that the kingside pawn structure cannot be held together.} (37... Rxa2 38. h3
Kg7 {is not as clear.}) 38. a4 Ra2 39. Ra7 Ra3 40. a5 Kg7 41. a6 Kf6 42. Ke2 e5
(42... Kg5 $19) 43. Kd2 e4 44. Kc2 {Grandmasters are known to be as clever as
possible. This doesn't work, but since passive defense clearly falls apart
Andreikin tries to create some practical chances.} Rxe3 45. Kb2 Rd3 46. Rb7 Rd6
$1 (46... Rd8 47. a7 Ra8 48. Kc3 Kg5 49. Rxf7 Kg4 50. Kd2 {should also be
winning, but it is more complicated.}) 47. a7 Ra6 48. Kc3 Kg5 49. Rxf7 Kg4 50.
Rg7 Kf3 51. Rxg6 Rxa7 52. Rg5 Rf7 53. Kd2 Kf2 54. Rh5 e3+ 55. Kd3 e2 56. Rh2+
Kf3 57. Kd4 0-1

[Event "Cutro op-A 15th"]
[Site "Cutro"]
[Date "2009.04.22"]
[Round "5"]
[White "Rusev, Krasimir"]
[Black "Svetushkin, Dmitry"]
[Result "1-0"]
[WhiteElo "2498"]
[BlackElo "2615"]
[Annotator "Rogozenco,D"]
[PlyCount "55"]
[EventDate "2009.04.18"]
[EventType "swiss"]
[EventRounds "9"]
[EventCountry "ITA"]
[SourceTitle "CBM 129 Extra"]
[Source "ChessBase"]
[SourceDate "2009.05.05"]
[SourceVersion "2"]
[SourceVersionDate "2009.05.20"]
[SourceQuality "1"]

1. d4 d5 2. c4 c6 3. cxd5 cxd5 4. Nf3 Nf6 5. Nc3 Nc6 6. Bf4 a6 7. Rc1 Bf5 8.
Ne5 Rc8 (8... Bd7 9. e3 e6 10. Bd3 $14 {0-1 Feller,S (2522)-Svetushkin,D (2565)
/France 2008 (82). secures Black a solid, though slightly passive position.})
9. Qa4 $5 {A rare and tricky move, requiring from Black precise defence.} ({
The usual continuation is} 9. e3) 9... Qb6 ({Correct is} 9... Bd7 $1 10. Qb3 (
10. Nxd7 Qxd7 11. e3 e6 $11) 10... Na5 11. Qd1 e6 $14 {/=, 1-0 Sulava,N (2478)
-Kuljasevic,D (2408)/Pula 2004 (62)}) (9... e6 $2 {is even worse:} 10. Nxc6
Rxc6 (10... bxc6 11. e4 $1 dxe4 12. Bxa6 $18) 11. e4 $1 dxe4 12. Bxa6 $18) 10.
g4 $1 Be6 (10... Bg6 $2 11. g5 Ne4 12. Nxd5 Qxb2 13. Nxc6 $18) ({Curiously,} 
10... Nxg4 {was not only possible, but the best chance, since after} 11. Nxd5
Qxb2 12. Nxc6 {Black has} Bd7 $1 13. Qb4 Qxb4+ 14. Ncxb4 Rxc1+ 15. Bxc1 e6 $1
$14 {regaining material.}) 11. g5 Nd7 $2 {After this mistake Black's position
collapses. As often happens in the Exchange Slav, without good theoretical
knowledge things can go wrong surprisingly quickly for Black even in the
apparently simple positions.} ({Necessary was} 11... Ne4 12. Nxe4 dxe4 13. Nxc6
Rxc6 14. Rxc6 (14. e3 Bd7 $1 $132) 14... Qxc6 (14... bxc6 15. e3 $14) 15. Qxc6+
bxc6 $14) 12. Nxc6 Rxc6 (12... bxc6 13. e4 dxe4 14. Qxa6 $16) 13. Bg2 $16 h6 (
13... Rc4 14. Qb3 f6 15. Nxd5 Qxb3 16. axb3 Rxd4 17. Nc7+ Kf7 18. Be3 Rb4 19.
Nxe6 Kxe6 20. O-O $16 {1-0 Nyback,T (2459)-Kuljasevic,D (2365)/Hengelo 2002 
(35)}) (13... Qxb2 14. Rc2 Qb6 (14... Qa1+ 15. Kd2 $18) 15. O-O $18) 14. O-O (
14. Bxd5 Bxd5 15. Nxd5 Rxc1+ 16. Bxc1 Qc6 17. Qxc6 bxc6 18. Nc7+ Kd8 19. Nxa6
$16) 14... hxg5 15. Nxd5 Bxd5 16. Bxd5 gxf4 (16... Rxc1 17. Rxc1 $18) 17. Bxc6
bxc6 18. Rxc6 Qb7 19. Qxa6 {Exchanging queens is the easiest way to win.} (19.
Rxa6 $18) 19... Qxa6 20. Rxa6 e6 21. Rc1 $18 Rh5 22. Rc8+ Ke7 23. Raa8 f6 24.
a4 Kf7 (24... Rd5 25. a5 Rxd4 26. a6 Ra4 27. a7 e5 28. Rc7 $18) 25. Ra7 Rd5 26.
a5 e5 27. a6 Ke6 28. Rd8 1-0

[Event "Aosta op 12th"]
[Site "Saint Vincent"]
[Date "2004.02.13"]
[Round "7"]
[White "Roiz, Michael"]
[Black "Godena, Michele"]
[Result "1-0"]
[WhiteElo "2544"]
[BlackElo "2515"]
[Annotator "Roiz,M"]
[PlyCount "69"]
[EventDate "2004.02.08"]
[EventType "swiss"]
[EventRounds "9"]
[EventCountry "ITA"]
[SourceTitle "CBM 098 Extra"]
[Source "ChessBase"]
[SourceDate "2004.03.10"]
[SourceVersion "2"]
[SourceVersionDate "2004.03.10"]
[SourceQuality "1"]

1. d4 d5 2. c4 c6 3. Nf3 Nf6 4. Nc3 e6 5. Bg5 h6 6. Bh4 {I was very surprised,
when my experienced opponnent had thought here for 45 minutes!} Be7 {A quiet
option.} (6... dxc4 7. e4 g5 8. Bg3 b5 {is the most popular variation nowdays.}
) 7. e3 ({white cannot get any advantage after} 7. cxd5 exd5 {[%cal Gc8f5]} 8.
Qc2 g6 $11 {[%cal Gc8f5]}) 7... O-O 8. cxd5 {I have no much experience in the
Queen's Gambit with Bg5,so I have decided to choose a less known line.} ({
The main lines are:} 8. Bd3 Nbd7 9. O-O) (8. Rc1 Nbd7 9. a3) ({and} 8. Qc2 Nbd7
9. Rd1) 8... cxd5 {The most solid continuation.Black goes for a slighty
passive position,but the pawn structure is symetrical and doesn't allows white
to get serious advantage.} ({after} 8... exd5 9. Bd3 {black gets a classical
exchange variation,but the redaction is not good,since h7-h6 is not useful
(especially if white would attack black's king with g2-g4).}) (8... Nxd5 9.
Bxe7 Qxe7 10. Bd3 {is also not perfect,since it's not easy for black to play
either c6-c5 or e6-e5-without that black cannot hope for equality.}) 9. Bd3 Nc6
{Quite the best.That position can arise also from Classical Exchange variation
of Slav Defence.} ({another way of development leads to a stable advantage of
white:} 9... b6 10. Ne5 Bb7 11. O-O Nbd7 12. f4 Ne4 13. Bxe7 Qxe7 14. Rc1 (14.
Nxe4 $143 dxe4 15. Bc4 Nf6 16. f5 Bd5 17. Be2 Rac8 $11 {1-0 Hernandez,
H-Gunajew,R/Bled 2002/EXT 2003 (45)}) 14... Rfc8 15. Bxe4 dxe4 16. Qa4 $14 {
1-0 Thuesen,M-Mortensen,H/Copenhagen 1992/EXT 2001 (33)}) 10. O-O (10. Rc1 Ne8
(10... Ne4 $5 11. Bxe7 Nxc3 12. Rxc3 Qxe7 13. O-O Bd7 {[%cal Gf8c8]}) 11. Bg3
f5 12. Bb5 Bd7 13. Bxc6 Bxc6 14. Ne5 Qb6 15. Ng6 $14 {1/2-1/2 Lputian,S-Van
der Wiel,J/Rotterdam 1988/CBM 09 (65)}) 10... Ne4 $5 {Black is intending to
exchange as more minor pieces,as he could.That is a well known method of
defence.} (10... b6 $5 11. Ne5 (11. a3 Bb7 12. Rc1 Rc8 $11) 11... Nxe5 12. dxe5
Nd7 13. Bxe7 Qxe7 14. f4 Nc5 15. Ne2 a5) (10... a6 11. Rc1 Bd7 12. Ne5 Rc8 13.
f4 Ne8 14. Bxe7 Nxe7 15. Qb3 Nd6 16. Nxd7 Qxd7 $11 {0-1 Van der Sterren,
P-Sokolov,I/Amsterdam 2000/CBM 77 ext (42)}) 11. Bxe7 (11. Nxe4 Bxh4 12. Nc5
Bf6 $11) (11. Bxe4 Bxh4 12. Bc2 Bf6 13. Qd3 g6 14. a3 Bd7 15. e4 dxe4 16. Nxe4
Bg7 17. Nc5 b6 18. Nxd7 Qxd7 {1/2-1/2 Larsen,B-Hamann,S/Grenaa 1973/EXT 2000 
(18)}) 11... Nxc3 12. bxc3 ({nothing gives} 12. Bxd8 Nxd1 13. Rfxd1 Rxd8 14.
Rac1 Bd7 15. a3 Rac8 16. Rc5 f6 17. Rdc1 Kf8 18. Bb5 Ke7 $11 {1/2-1/2 Soln,
P-Sveshnikov,E/Bled 2000/CBM 75 ext (56)}) 12... Qxe7 $6 {That was played
quickly,but i am sure that more accurate is 12...Nxe7.} (12... Nxe7 $142 13. c4
{(I don't see any other reasonable continuation)} b6 14. cxd5 Nxd5 15. Ne5 Bb7
$11 {[%cal Gd8g5]}) 13. Re1 $5 $146 {A tricky move.I wanted to exploit some
uncomfortable placement of Qe7.At the same time,black has also to consider
possible c3-c4.That's why it's not so easy to regroup the pieces for both ways.
} (13. c4 dxc4 14. Bxc4 b6 $11) (13. e4 dxe4 14. Bxe4 Bd7 15. Bc2 Rfd8 16. Qd3
g6 17. Rfe1 Qf6 18. Qd2 Qg7 19. h4 Rac8 20. Rab1 b6 {1/2-1/2 Bondarevsky,
I-Simagin,V/Moscow 1946/MCD (89)}) 13... Qc7 $6 {A waste of time-the queen is
also vulnerable on c7.} ({after} 13... b6 {white has a strong reply:} 14. Qe2
$1 {[%cal Ge3e4]} (14. e4 $143 dxe4 15. Bxe4 Qc7 $1 16. Bc2 $140 Ba6 $11) {
in order to meet} 14... e5 {with} 15. e4 $1 $16) ({after} 13... Bd7 {white can
also play} 14. Qe2 $1 (14. e4 $143 dxe4 15. Bxe4 Qd6) 14... e5 15. e4 dxe4 16.
Qxe4 f5 17. Qe3 e4 18. Bb5 $1 Rac8 19. Bxc6 Bxc6 20. Ne5 $14 {[%csl Ge5] with
a clear advantage.}) ({The best was probably:} 13... Qd6 14. e4 ({now nothing
gives} 14. Qe2 {in view of} e5 $1 15. e4 exd4 16. cxd4 $6 Bg4 $15) 14... dxe4
15. Bxe4 b6 {and black's position is solid enough.}) 14. Rc1 $1 {The point is
that now c3-c4 is also unpleasant for black.} Bd7 15. Qe2 {[%cal Ge3e4]} ({
I could already reach a pleasant edge after} 15. c4 dxc4 16. Rxc4 $14 {but i
wanted to fight for more.}) 15... Ne7 ({Badly was} 15... e5 $2 16. e4 $1 Be6 (
16... Rfe8 17. exd5 exd4 18. Qb2 Rxe1+ 19. Rxe1 $16) 17. exd5 Bxd5 18. Nxe5 $16
) (15... Rac8 {I can hardly find any plan of defence after} 16. e4 Na5 17. e5
$40 {[%csl Rg8][%cal Gd3b1,Ge2d3,Gg2g4,Gg4g5]}) 16. Ne5 $6 {That allows black
to simplify the position.} ({Much stronger was:} 16. e4 $142 $1 dxe4 (16... Ng6
17. g3 dxe4 18. Bxe4 Ne7 19. Ne5 Bc6 20. Bb1 $16 {[%cal Ge2d3]}) 17. Qxe4 Ng6 (
17... Nf5 18. Ne5 {[%cal Gg2g4]}) 18. Ne5 f5 19. Qf3 {I have considered this
position as only slighty better for me,but actually,white has a great
advantage.} {For example:} Nxe5 20. Rxe5 Rac8 21. g4 $1 Rf6 22. gxf5 exf5 23.
Bxf5 $16) 16... Nc6 17. Nf3 Ne7 {Here i missed the last opportunity of 18.e4!}
18. Ne5 Nc6 19. Nxd7 Qxd7 {Now white has only a symbolic advantage-his bishop
is slighty stronger than black's knight.} 20. c4 dxc4 21. Rxc4 Na5 $2 {[%mdl
16384] A serious strategical mistake.The knight is going to be completely out
of play.} ({after the simple} 21... Ne7 22. Bb1 Rfc8 23. Qd3 g6 {black could
get an excellent chanses of equality.}) 22. Rc5 b6 $2 {As it usually happens,
one mistake leads to another.} ({better was:} 22... Nc6 23. Rec1 Rac8 24. Bb5 (
24. Be4 Ne7 $14) 24... Rc7 25. Bxc6 Rxc6 26. Rxc6 bxc6 $16 {and black has good
practical chanses of draw,although white's advantage is obvious.}) 23. Rc2 Rac8
24. Rec1 Rxc2 25. Qxc2 {[%cal Gc2c7] Now black's position is lost from
strategical point of view:the Na5 is completely out of play.More than that,he
cannot avoid penetration of white's pieces on c7.} Rd8 26. Qc7 Kf8 ({more
resistant was:} 26... Nb7 27. Qxd7 Rxd7 28. Rc8+ Nd8 29. Bb5 Rd5 30. a4 {
[%cal Gc8c7] although that didn't change the evaluation.}) 27. Bb5 $1 Qd5 (
27... Qxc7 28. Rxc7 Ra8 29. Ba6 $18 {was completely hopeless.}) 28. g3 $1 {
Intending to transfer the bishop to a very effective diagonal via f1.} Ra8 {
Letting black to take an important pawn.} 29. Bf1 $6 ({More technically was:} 
29. a4 Qb7 30. Qd6+ Qe7 31. Qxe7+ Kxe7 32. Rc7+ Kf8 33. Bd3 $18 {and black
cannot avoid a loss of material,while his knight is still out of play.}) 29...
Qxa2 30. Bg2 Re8 31. Qxa7 Kg8 $1 {I have overlooked that simple move.Now there
is no pawns on the qside,so black has at least some practical chanses of draw.}
({I have only calculated} 31... Qb3 32. Rc7 e5 33. Rd7 Qb1+ (33... e4 34. d5
$18) 34. Bf1 Qf5 35. Rd5 $18) 32. Qxb6 Nb3 33. Qb5 $6 {Another inaccurate move.
} ({better was:} 33. Qc6 Rb8 34. Rc2 Qb1+ 35. Bf1 $18 {and black's knight has
no good squares.}) 33... Rd8 (33... Nxc1 34. Qxe8+ Kh7 35. Qxf7 Ne2+ 36. Kf1
Nc3 37. Bf3 $18) 34. Rd1 Nd2 $4 {The final blunder.} ({At the same time,after} 
34... Qc2 35. Qd3 (35. Bf3 Nd2 36. Bh5 Ne4) 35... Qxd3 36. Rxd3 Nc5 $1 {
black's chanses of draw cannot be understated.}) 35. Qe2 {[%mdl 32784]} 1-0